Tallest Skyscrapers In Austin - Statistics

General Stats
  • This quiz has been taken 28 times
  • The average score is 6 of 10
Answer Stats
Hint Answer % Correct
5. Frost Bank Tower
100%
2. The Austonian
75%
4. 360 Condominiums
63%
3. The Fairmont
63%
1. The Independent
63%
6. The W Hotel and Residences
63%
8. Spring Condominiums
50%
7. Fifth and West Condominiums
38%
10. The Bowie
38%
9. The Northshore
25%
No matching quizzes found
Score Distribution
Percent of People with Each Score
Percentile by Number Answered
Your Score History
You have not taken this quiz